000 01052cam a2200289 i 4500
001 360108
003 ARRUPE
005 20131023143526.0
008 780104s1978 enka b 000 0 eng
010 _a 77030638
015 _aGB78
020 _a0197139159 :
_c£3.50
040 _aDLC
_cDLC
_dDLC
050 0 0 _aBL241
_b.M19
082 0 0 _a215
100 1 _aMacKay, Donald MacCrimmon,
_d1922-
_92814
245 1 0 _aScience, chance, and providence :
_bthe Riddell memorial lectures, forty-sixth series delivered at the University of Newcastle upon Tyne on 15, 16, and 17 March 1977 /
_cby Donald M. MacKay.
260 _aOxford [Eng.] ;
_aNew York :
_bOxford University Press,
_c1978.
300 _a67 p. :
_bill. ;
_c20 cm.
440 0 _aRiddell memorial lectures ;
_v46th ser.
_92815
504 _aIncludes bibliographical references.
650 0 _aReligion and science.
_92816
650 0 _aChance.
_92817
650 0 _aProvidence and government of God.
_92818
906 _a7
_bcbc
_corignew
_d1
_eocip
_f19
_gy-gencatlg
942 _2lcc
_cMONOGRAPH
999 _c118419
_d118419